À la Rencontre de l’étranger. L’image de l’Autre chez les Anciens
Zapisane w:
| 1. autor: | |
|---|---|
| Kolejni autorzy: | |
| Format: | Nieznany |
| Język: | angielski |
| Wydane: |
Paris, France.
Les Belles Lettres,
2014
|
| Hasła przedmiotowe: | |
| Etykiety: |
Dodaj etykietę
Nie ma etykietki, Dołącz pierwszą etykiete!
|
MARC
| LEADER | 00000 a2200000 4500 | ||
|---|---|---|---|
| 003 | CL-VaPUC | ||
| 005 | 20211029181140.0 | ||
| 008 | 210225b ||||| |||| 00| 0 eng d | ||
| 999 | |c 431983 |d 431981 | ||
| 020 | |a 978-2251030050 | ||
| 040 | |c Pontificia Universidad Católica de Valparaíso | ||
| 082 | |a 930 CUS 2014 | ||
| 100 | |a Cusset, Christophe |9 857310 |e coordinador | ||
| 245 | |a À la Rencontre de l’étranger. |b L’image de l’Autre chez les Anciens | ||
| 260 | |a Paris, France. |b Les Belles Lettres, |c 2014 | ||
| 300 | |a 356 páginas | ||
| 505 | |a Entretien avec Pascal Charvet VII Cartes XV I. Questions de vocabulaire Parlez-vous barbare ? 5 Être barbare 15 Être grec 27 Être romain 39 II. Dis-moi d'où tu viens… 57 Nés sur place 61 Émigrants 71 De Troie à Rome 85 III. Kaléidoscope 99 Théorie des climats 103 Étrusques 113 Autres peuples italiens 121 Nos ancêtres les Gaulois 131 Espagnols, Germains, Bretons 145 Carthaginois et Numides 157 Orientaux 169 IV. Rencontres 187 Premiers contacts 191 Les lois de l’hospitalité 201 Guerre et paix 211 V. Intégrer l’étranger ? 221 Rester un étranger dans la cité 225 Intégrer l’étranger à la communauté civique 237 « Pas d’étranger dans ma cité » 249 VI. Un monde cosmopolite 267 À chacun ses mœurs 271 Devenir un étranger 279 Civiliser les Barbares ? 289 Un seul monde pour tous ? 295 Les auteurs du « Signet » 307 Les traducteurs du « Signet » 333 Pour aller plus loin 335 Index des auteurs et des œuvres 337 | ||
| 583 | |k Cristina Rojas |c 20210225 | ||
| 650 | 0 | |a Mundo antiguo |9 486553 | |
| 650 | |a Derecho de ciudadanía |x Orígenes |9 860720 | ||
| 700 | |a Salamon, Gerard |9 859722 | ||
| 942 | |2 ddc |c BK | ||
| 952 | |0 0 |1 0 |2 ddc |4 0 |6 930_000000000000000_CUS_2014 |7 0 |8 A |9 577558 |a BIBHIS |b BIBHIS |d 2021-02-25 |e 1 |g 44888.00 |i 5582644 |o 930 CUS 2014 |p 5582644 |r 2025-01-20 |t 1 |v 44888.00 |w 2021-02-25 |y BK |k HIS | ||